LEADER 01791njm a2200433 a 4500
001 000472669
003 CZ BrMZK
005 20030103135104.0
008 010907s1987 xr f cze d
028 0 3 |a 81 0724-1111  |b Panton 
040 |a BOA001  |b cze 
080 |a 787.1.082.2"19"(086.7)  |2 MRF 
080 |a 785.74:788"19"(086.7)  |2 MRF 
080 |a 786.2"19"(086.7)  |2 MRF 
100 1 |a Matys, Jiří,  |d 1927-2016  |7 jn19990209534  |4 cmp 
245 1 0 |a Hudba pro klavír  |h [zvukový záznam] /  |c Jiří Matys. Sonáta pro housle a klavír / Miroslav Pelikán. Dechový kvartet / Štěpán Lucký. 
260 |a Praha :  |b Panton,  |c p1987 
300 |a 1 LP deska :  |b 33 ot/min, stereo ;  |c 30 cm 
490 1 |a Týden nové tvorby 
500 |a Nahr. 1987 
500 |a Durata neuv 
511 0 |a Milan Bialas, klavír; Jan Opšitoš, housle; Květa Novotná, klavír ... [et al.]. 
653 0 |a dechové kvartety  |a houslové sonáty  |a klavír 
700 1 |a Novotná, Květa,  |d 1950-  |7 jo2002106770  |4 prf 
700 1 |a Němec, Aleš  |4 prf 
700 1 |a Opšitoš, Jan,  |d 1953-  |7 pna2007397319  |4 prf 
700 1 |a Secký, Tomáš,  |d 1957-  |7 ola2002146450  |4 prf 
700 1 |a Lucký, Štěpán,  |d 1919-2006  |7 jk01072534  |4 cmp 
700 1 |a Pelikán, Miroslav,  |d 1922-2006  |7 jn19990209643  |4 cmp 
700 1 |a Bialas, Milan,  |d 1935-2019  |7 ola200204148  |4 prf 
700 1 |a Jelínek, Josef,  |d 1938-  |7 jn20000401226 
700 1 |a Konečný, Jaroslav,  |d 1935-1993  |7 jx20050722024  |4 prf 
830 0 |a Týden nové tvorby 
910 |a BOA001  |b LP-0008.452 
964 |a Klavír  |z stol.20.,pol.2.  |x LP 
964 |a Kvartety dechové  |x LP 
964 |a Housle a klavír  |x sonáty  |z stol.20.,pol.2.  |x LP 
990 |a AV 
996 6 |b 261H009113  |c LP-0008.452  |l MZK  |r Sklad / do 24 hodin  |n 0  |p kup  |w 000472669  |u 000010  |a 1  |e BOA001  |j MZK50  |s P